Photosynthesis V 5.Chloroplast development (Record no. 38158)

MARC details
000 -LEADER
fixed length control field 00902nam a2200277Ia 4500
082 ## - DEWEY DECIMAL CLASSIFICATION NUMBER
Classification number 581.132
Item number AKO.5
245 #0 - TITLE STATEMENT
Title Photosynthesis V 5.Chloroplast development
260 ## - PUBLICATION, DISTRIBUTION, ETC. (IMPRINT)
Place of publication Philadelphia
Name of publisher Balban International Science Services
Year of publication 1981
505 ## - FORMATTED CONTENTS NOTE
Formatted contents note Proceedings of the fifth International Congress on photosynthesis, September 7 - 13, 1980. Halkidiki. Greece
650 ## - SUBJECT ADDED ENTRY--TOPICAL TERM
Topical Term ALA biosynthesis
650 ## - SUBJECT ADDED ENTRY--TOPICAL TERM
Topical Term Carotenoid
650 ## - SUBJECT ADDED ENTRY--TOPICAL TERM
Topical Term Chlorophyll biosynthesis
650 ## - SUBJECT ADDED ENTRY--TOPICAL TERM
Topical Term Chloroplast development
650 ## - SUBJECT ADDED ENTRY--TOPICAL TERM
Topical Term Lipid
650 ## - SUBJECT ADDED ENTRY--TOPICAL TERM
Topical Term Photosynthesis
650 ## - SUBJECT ADDED ENTRY--TOPICAL TERM
Topical Term Photosynthetic apparatus
650 ## - SUBJECT ADDED ENTRY--TOPICAL TERM
Topical Term Pigment
650 ## - SUBJECT ADDED ENTRY--TOPICAL TERM
Topical Term Polypeptide
650 ## - SUBJECT ADDED ENTRY--TOPICAL TERM
Topical Term Procaryotes
650 ## - SUBJECT ADDED ENTRY--TOPICAL TERM
Topical Term Protochlorophyllide photoreduction
650 ## - SUBJECT ADDED ENTRY--TOPICAL TERM
Topical Term Ribulose biphosphate carboxylase
650 ## - SUBJECT ADDED ENTRY--TOPICAL TERM
Topical Term Thylakoid membrane
700 ## - ADDED ENTRY--PERSONAL NAME
Personal name AKOYUNOGLOU, George
942 ## - ADDED ENTRY ELEMENTS (KOHA)
Koha item type Books
Holdings
Withdrawn status Lost status Damaged status Not for loan Home library Current library Date acquired Full call number Accession Number Koha item type
        RRII Library RRII Library 16/12/2021 581.132 AKO.5 18521 Books